| 000 | 005100000a22001930004500 | ||
|---|---|---|---|
| 020 | _a0-87872-217-3 | ||
| 041 | 0 | _aENG | |
| 082 | 0 | 4 | _aG 296 N496w |
| 100 | 1 | _aNeusner, Jacob | |
| 245 | 1 | 0 | _aThe way of torah : An introduction to judaism / Jacob Neusner |
| 250 | _a3 | ||
| 260 | _aNorth Scituate, Massachusetts, USA : Duxbury | ||
| 300 | _aXXII, 164 Pag | ||
| 001 | 9003 | ||
| 942 | _cBK | ||
| 999 |
_c39092 _d39092 |
||
| 336 |
_atexto _btxt _2rdacontent |
||
| 337 |
_2rdamedia _asin mediación _bn |
||
| 338 |
_2rdacarrier _avolumen _bnc |
||